Alle Länder mit S - Statistiken

Allgemein
  • Dieses Quiz wurde 195 mal gespielt
  • Das Durchschnittsergebnis liegt bei 22 aus 28
Antworten auf der Karte
Die Antworten werden auf der Karte rot bzw. grün angezeigt, abhängig davon wie oft sie richtig erraten wurden.
 
Antwortstatistiken
Antwort % Korrekt
Schweden
97%
Spanien
92%
Sudan
88%
Südkorea
87%
Serbien
86%
Südsudan
84%
Sambia
84%
Seychellen
83%
Südafrika
82%
Schweiz
82%
Slowenien
81%
Simbabwe
81%
Suriname
80%
Senegal
80%
Slowakei
80%
Somalia
79%
Syrien
76%
Samoa
73%
Singapur
73%
Sri Lanka
72%
St. Lucia
71%
Saudi-Arabien
71%
San Marino
70%
St. Kitts und Nevis
69%
Salomonen
69%
St. Vincent und die Grenadinen
68%
São Tomé und Príncipe
64%
Sierra Leone
62%
Keine übereinstimmenden Quizze gefunden
Verteilung der Resultate
Anzahl Personen mit jedem Resultat
Perzentil nach korrekt beantworteten Fragen
Ihre Resultats-Entwicklung
Sie haben dieses Quiz noch nicht gespielt